[Event "Noale Szabados Memorial-A 5th"]
[Site "Noale"]
[Date "2012.02.05"]
[Round "4"]
[White "Bacchini, Stefano"]
[Black "Bortolussi, Andrea"]
[Result "1/2-1/2"]
[WhiteElo "2006"]
[BlackElo "1977"]
[PlyCount "24"]
[EventDate "2012.02.03"]
[EventType "swiss"]
[EventRounds "5"]
[EventCountry "ITA"]
[SourceTitle "EXT 2022"]
[Source "ChessBase"]
[SourceDate "2021.10.06"]
[SourceVersion "1"]
[SourceVersionDate "2021.10.06"]
[SourceQuality "1"]

1. f4 c5 2. Nf3 Nc6 3. d3 e6 4. b3 Be7 5. Bb2 Bf6 6. Nc3 a6 7. e4 d6 8. Be2 b5 9. 0-0 Bb7 10. a3 g6 11. Rb1 Bg7 12. Kh1 Nge7 1/2-1/2

[Event "Noale Szabados Memorial-A 5th"]
[Site "Noale"]
[Date "2012.02.04"]
[Round "2"]
[White "Gallo, Enrico"]
[Black "Bortolussi, Andrea"]
[Result "1-0"]
[WhiteElo "2068"]
[BlackElo "1977"]
[PlyCount "77"]
[EventDate "2012.02.03"]
[EventType "swiss"]
[EventRounds "5"]
[EventCountry "ITA"]
[SourceTitle "EXT 2022"]
[Source "ChessBase"]
[SourceDate "2021.10.06"]
[SourceVersion "1"]
[SourceVersionDate "2021.10.06"]
[SourceQuality "1"]

1. e4 e5 2. Nf3 Nf6 3. Nxe5 d6 4. Nf3 Nxe4 5. d4 d5 6. Bd3 Nc6 7. 0-0 Be7 8. c4 Nb4 9. cxd5 Nxd3 10. Qxd3 Qxd5 11. Re1 Bf5 12. Bf4 0-0-0 13. Nc3 Nxc3 14. Qxc3 Bd6 15. Bxd6 Qxd6 16. Qa5 Bg4 17. Ne5 Qxd4 18. Rac1 c6 19. Rc4 Qd2 20. Qxd2 Rxd2 21. Rxg4 Re8 22. Kf1 g6 23. Nc4 Rxe1+ 24. Kxe1 Rc2 25. Rd4 b5 26. Nd6+ Kc7 27. Ne8+ Kb6 28. Rd2 Rc5 29. Nf6 Re5+ 30. Kd1 Rf5 31. Nd7+ Kc7 32. g3 a5 33. Ke2 b4 34. f4 h5 35. Ke3 f6 36. Nf8 g5 37. Ke4 Rb5 38. Ne6+ Kb6 39. Rd8 1-0

[Event "Venice Province-ch 71st"]
[Site "Venice Mestre"]
[Date "2011.01.15"]
[Round "3"]
[White "Aprile, Martino"]
[Black "Bortolussi, Andrea"]
[Result "1/2-1/2"]
[WhiteElo "1874"]
[BlackElo "1954"]
[PlyCount "110"]
[EventDate "2011.01.14"]
[EventType "swiss"]
[EventRounds "5"]
[EventCountry "ITA"]
[SourceTitle "EXT 2022"]
[Source "ChessBase"]
[SourceDate "2021.10.06"]
[SourceVersion "1"]
[SourceVersionDate "2021.10.06"]
[SourceQuality "1"]

1. Nf3 Nf6 2. d4 d5 3. Bf4 c6 4. e3 Bf5 5. Bd3 Bg6 6. c3 Nbd7 7. Qc2 Bxd3 8. Qxd3 Nh5 9. Bg3 g6 10. Nbd2 Bg7 11. e4 Nxg3 12. hxg3 dxe4 13. Nxe4 Nf6 14. Nxf6+ Bxf6 15. 0-0-0 Qa5 16. Kb1 0-0-0 17. Qe4 Qd5 18. Qxd5 Rxd5 19. Kc2 e5 20. dxe5 Rxd1 21. Rxd1 Bg7 22. Re1 Re8 23. Kd2 Kd7 24. Kd3 h6 25. Re4 Re7 26. g4 Kc7 27. Ke3 g5 28. g3 c5 29. b4 b6 30. a4 Kd7 31. a5 Kc6 32. axb6 axb6 33. bxc5 bxc5 34. Kd3 Rd7+ 35. Kc4 Ra7 36. Ne1 Ra4+ 37. Kd3 Ra3 38. Nc2 Ra2 39. f4 Ra7 40. Ne3 Rd7+ 41. Ke2 Ra7 42. c4 Ra2+ 43. Kf3 Ra3 44. Kg2 Ra2+ 45. Kh3 Re2 46. f5 Kd7 47. e6+ fxe6 48. fxe6+ Ke8 49. Nf5 Rxe4 50. Nd6+ Ke7 51. Nxe4 Bd4 52. Kg2 Kxe6 53. Kf3 Ke5 54. Nd2 Bb2 55. Nb3 Bd4 1/2-1/2

[Event "Venice Autumn op 16th"]
[Site "Venice"]
[Date "2010.11.01"]
[Round "4.16"]
[White "Pozzobon, Davide"]
[Black "Bortolussi, Andrea"]
[Result "0-1"]
[WhiteElo "1805"]
[BlackElo "1951"]
[PlyCount "78"]
[EventDate "2010.10.30"]
[EventType "swiss"]
[EventRounds "5"]
[EventCountry "ITA"]
[SourceTitle "EXT 2011"]
[Source "ChessBase"]
[SourceDate "2010.11.26"]
[SourceVersion "1"]
[SourceVersionDate "2010.11.26"]
[SourceQuality "1"]

1. e4 e5 2. Nf3 Nf6 3. Nxe5 d6 4. Nf3 Nxe4 5. Qe2 Qe7 6. d3 Nf6 7. Nc3 Bg4 8. Qxe7+ Bxe7 9. Be2 Nc6 10. h3 Bh5 11. Be3 h6 12. Nh4 Bxe2 13. Nxe2 Nd5 14. Nf5 Bf6 15. c3 g6 16. Nfd4 Nxd4 17. Bxd4 Bxd4 18. Nxd4 Nf4 19. g3 Nxd3+ 20. Kf1 0-0-0 21. b3 Rhe8 22. Rd1 Nc5 23. Kg2 Re7 24. Rhe1 Rde8 25. Rf1 Ne4 26. Rd3 a6 27. f3 Nc5 28. Rd2 Re3 29. c4 Rd3 30. Rfd1 Rxd2+ 31. Rxd2 Ne6 32. Nxe6 Rxe6 33. Kf2 Kd7 34. c5 Ke7 35. Rd5 c6 36. cxd6+ Rxd6 37. Rxd6 Kxd6 38. Ke3 Kd5 39. Kd3 c5 0-1

[Event "Mogliano Veneto op-B 31st"]
[Site "Mogliano Veneto"]
[Date "2010.05.02"]
[Round "5"]
[White "Maddaloni, Giovanni"]
[Black "Bortolussi, Andrea"]
[Result "0-1"]
[WhiteElo "1776"]
[BlackElo "1914"]
[PlyCount "70"]
[EventDate "2010.04.30"]
[EventType "swiss"]
[EventRounds "5"]
[EventCountry "ITA"]
[SourceTitle "EXT 2023"]
[Source "ChessBase"]
[SourceDate "2022.10.05"]
[SourceVersion "1"]
[SourceVersionDate "2022.10.05"]
[SourceQuality "1"]

1. e4 e5 2. Nf3 Nf6 3. Nxe5 d6 4. Nf3 Nxe4 5. Nc3 Nxc3 6. dxc3 Be7 7. Be3 Bg4 8. Qd2 Nc6 9. 0-0-0 Qd7 10. Kb1 a6 11. Re1 Bxf3 12. gxf3 0-0-0 13. f4 Kb8 14. Bg2 Rde8 15. Qd5 Bf6 16. h4 Nd8 17. Qb3 Qb5 18. Qa3 Nc6 19. Rd1 Na5 20. Bd5 Nc4 21. Bxc4 Qxc4 22. Rd3 Qc6 23. Rhd1 Bxh4 24. c4 Bf6 25. Qb4 Re4 26. b3 Rhe8 27. a4 h5 28. Qd2 h4 29. c3 h3 30. f3 R4e7 31. Qf2 h2 32. c5 d5 33. Rh1 Qd7 34. c6 Qf5 35. Ba7+ Ka8 0-1

[Event "Mogliano Veneto op-B 31st"]
[Site "Mogliano Veneto"]
[Date "2010.04.30"]
[Round "1"]
[White "Fracasso Pezzolato, Michele"]
[Black "Bortolussi, Andrea"]
[Result "1-0"]
[WhiteElo "1779"]
[BlackElo "1914"]
[PlyCount "97"]
[EventDate "2010.04.30"]
[EventType "swiss"]
[EventRounds "5"]
[EventCountry "ITA"]
[SourceTitle "EXT 2023"]
[Source "ChessBase"]
[SourceDate "2022.10.05"]
[SourceVersion "1"]
[SourceVersionDate "2022.10.05"]
[SourceQuality "1"]

1. e4 e5 2. Nf3 Nf6 3. Nc3 Nc6 4. d4 exd4 5. Nxd4 Bb4 6. Nxc6 bxc6 7. Bd3 Qe7 8. 0-0 d6 9. Qe2 0-0 10. a3 Ba5 11. b4 Bb6 12. Na4 Bg4 13. Qe1 Rfe8 14. Nxb6 cxb6 15. f3 Qe5 16. Rb1 Bd7 17. Bb2 Qe7 18. Qe3 h6 19. Rbe1 Rad8 20. f4 Bc8 21. e5 Bb7 22. Qg3 Nh5 23. Qh3 g6 24. g4 Qd7 25. f5 dxe5 26. gxh5 g5 27. Rxe5 Rxe5 28. Bxe5 Qd5 29. Bc7 Qd4+ 30. Rf2 Re8 31. Qf3 Re1+ 32. Bf1 Qd7 33. Qc3 Re4 34. Bg2 Rg4 35. Be5 c5 36. Qe1 Qd5 37. Bg3 Qd7 38. Bxb7 Qxb7 39. Qe8+ Kh7 40. f6 Re4 41. Qb5 Qd5 42. Qd3 Qxd3 43. cxd3 Re1+ 44. Kg2 cxb4 45. axb4 Re3 46. Rd2 Re6 47. d4 Rxf6 48. d5 a5 49. d6 1-0

[Event "Montebelluna op 10th"]
[Site "Montebelluna"]
[Date "2009.12.28"]
[Round "3"]
[White "Cocuzzi, Edoardo"]
[Black "Bortolussi, Andrea"]
[Result "1/2-1/2"]
[WhiteElo "1972"]
[BlackElo "1895"]
[PlyCount "87"]
[EventDate "2009.12.27"]
[EventType "swiss"]
[EventRounds "7"]
[EventCountry "ITA"]
[SourceTitle "EXT 2012"]
[Source "ChessBase"]
[SourceDate "2011.11.24"]
[SourceVersion "1"]
[SourceVersionDate "2011.11.24"]
[SourceQuality "1"]

1. e4 e5 2. Bc4 Nf6 3. d3 Nc6 4. a3 Be7 5. Ne2 d6 6. 0-0 Be6 7. Bxe6 fxe6 8. f4 Qd7 9. b4 exf4 10. Nxf4 0-0 11. Bb2 e5 12. Nd5 Nxd5 13. exd5 Rxf1+ 14. Qxf1 Rf8 15. Qe2 Nb8 16. c4 Bh4 17. g3 Bg5 18. Nc3 Qf7 19. Ne4 Be7 20. Rf1 Qxf1+ 21. Qxf1 Rxf1+ 22. Kxf1 Nd7 23. d4 exd4 24. Bxd4 b6 25. Ke2 Kf7 26. Be3 h6 27. Nc3 a6 28. Bd4 Bf6 29. Kd3 Bxd4 30. Kxd4 Ne5 31. h4 Nf3+ 32. Ke4 Ne5 33. c5 Nc4 34. cxb6 cxb6 35. b5 a5 36. Nb1 Kf6 37. Kd4 Ne5 38. Nc3 Kf5 39. Ne4 Nf7 40. Nd2 Ne5 41. Ne4 Nf7 42. a4 Kg4 43. Ke3 Kf5 44. Kd4 1/2-1/2

[Event "Senigallia Perini Memorial 3rd"]
[Site "Senigallia"]
[Date "2009.08.08"]
[Round "8"]
[White "Bortolussi, Andrea"]
[Black "Bozzali, Ermanno"]
[Result "0-1"]
[WhiteElo "1852"]
[BlackElo "2080"]
[PlyCount "68"]
[EventDate "2009.08.01"]
[EventType "swiss"]
[EventRounds "9"]
[EventCountry "ITA"]
[SourceTitle "EXT 2010"]
[Source "ChessBase"]
[SourceDate "2010.11.25"]
[SourceVersion "1"]
[SourceVersionDate "2010.11.25"]
[SourceQuality "1"]

1. e4 c5 2. Nc3 Nc6 3. f4 e6 4. Nf3 d5 5. Bb5 Nge7 6. exd5 Nxd5 7. Bxc6+ bxc6 8. d3 Bd6 9. g3 0-0 10. Bd2 f6 11. Ne4 e5 12. fxe5 fxe5 13. 0-0 Bh3 14. Rf2 h6 15. Nh4 Qd7 16. Ng2 Bg4 17. Qf1 Rab8 18. b3 Be7 19. Ne3 Bh3 20. Qe2 Nf4 21. gxf4 exf4 22. Ng2 f3 23. Qe3 Bxg2 24. Re1 Rbe8 25. Nxc5 Bxc5 26. Qxc5 Rf6 27. Rxe8+ Qxe8 28. Qc4+ Kh8 29. d4 Qg6 30. Qd3 Rf5 31. Be3 Bh3+ 32. Kh1 Qg2+ 33. Rxg2 fxg2+ 34. Kg1 Rf1+ 0-1

[Event "Senigallia Perini Memorial 3rd"]
[Site "Senigallia"]
[Date "2009.08.07"]
[Round "7"]
[White "Vinciguerra, Marco"]
[Black "Bortolussi, Andrea"]
[Result "1-0"]
[WhiteElo "2037"]
[BlackElo "1852"]
[PlyCount "33"]
[EventDate "2009.08.01"]
[EventType "swiss"]
[EventRounds "9"]
[EventCountry "ITA"]
[SourceTitle "EXT 2010"]
[Source "ChessBase"]
[SourceDate "2010.11.25"]
[SourceVersion "1"]
[SourceVersionDate "2010.11.25"]
[SourceQuality "1"]

1. e4 e5 2. Bc4 Nf6 3. d4 exd4 4. Nf3 Nxe4 5. Qxd4 Nf6 6. Bg5 Be7 7. Nc3 Nc6 8. Qh4 d6 9. 0-0-0 Be6 10. Bb5 h6 11. Rhe1 0-0 12. Bxh6 gxh6 13. Qxh6 Nh7 14. Rxe6 Kh8 15. Nd5 Bg5+ 16. Kb1 Qc8 17. Nxg5 1-0

[Event "Venice Province-ch 69th"]
[Site "Venice Mestre"]
[Date "2009.02.01"]
[Round "4"]
[White "Bortolussi, Andrea"]
[Black "Litrico, Paolo"]
[Result "0-1"]
[WhiteElo "1855"]
[BlackElo "1885"]
[PlyCount "68"]
[EventDate "2009.01.30"]
[EventType "swiss"]
[EventRounds "5"]
[EventCountry "ITA"]
[SourceTitle "EXT 2022"]
[Source "ChessBase"]
[SourceDate "2021.10.06"]
[SourceVersion "1"]
[SourceVersionDate "2021.10.06"]
[SourceQuality "1"]

1. e4 e5 2. Nf3 Nc6 3. Bb5 a6 4. Bxc6 dxc6 5. d4 exd4 6. Qxd4 Qxd4 7. Nxd4 Bd7 8. Bg5 f6 9. Be3 0-0-0 10. Nd2 Ne7 11. 0-0-0 Ng6 12. f3 Ne5 13. Rhf1 g6 14. f4 Bh6 15. Rde1 Nf7 16. N4f3 Rhe8 17. e5 fxe5 18. fxe5 Bg7 19. Bf4 Be6 20. Re3 Rd5 21. Rfe1 h6 22. h4 Nd8 23. Ne4 Rf8 24. Nf6 Ra5 25. a3 Ra4 26. g3 Bf5 27. Ne4 Bxe4 28. Rxe4 Rxe4 29. Rxe4 Ne6 30. Nd4 Nc5 31. Re2 Rd8 32. Nf3 Ne6 33. Rd2 Rf8 34. Nd4 Nxf4 0-1

[Event "Venice Province-ch 69th"]
[Site "Venice Mestre"]
[Date "2009.02.01"]
[Round "5"]
[White "Cedriano, Filippo"]
[Black "Bortolussi, Andrea"]
[Result "1-0"]
[WhiteElo "2025"]
[BlackElo "1855"]
[PlyCount "62"]
[EventDate "2009.01.30"]
[EventType "swiss"]
[EventRounds "5"]
[EventCountry "ITA"]
[SourceTitle "EXT 2022"]
[Source "ChessBase"]
[SourceDate "2021.10.06"]
[SourceVersion "1"]
[SourceVersionDate "2021.10.06"]
[SourceQuality "1"]

1. e4 e5 2. Bc4 Nf6 3. Qf3 Nc6 4. Ne2 d6 5. h3 Be6 6. d3 Qd7 7. Be3 d5 8. Bb5 dxe4 9. dxe4 a6 10. Ba4 0-0-0 11. Nbc3 Bb4 12. 0-0 Bc4 13. Rfd1 Qe6 14. Bb3 Kb8 15. Nd5 Bxb3 16. axb3 Be7 17. Rd2 Rd7 18. Rad1 Rhd8 19. Ng3 Nd4 20. Bxd4 exd4 21. Rxd4 c6 22. Nf4 Rxd4 23. Rxd4 Qe5 24. Rxd8+ Bxd8 25. Nd3 Qa5 26. e5 Nd7 27. Qf5 Qd5 28. Nf4 Qd2 29. Nd3 Kc8 30. Ne4 Qxc2 31. Nec5 Qd1+ 1-0

[Event "ITA Sociale-ch"]
[Site "Italy"]
[Date "1997.??.??"]
[Round "?"]
[White "Del Monaco, Andrea"]
[Black "Bortolussi, Andrea"]
[Result "1/2-1/2"]
[WhiteElo "1640"]
[BlackElo "1605"]
[PlyCount "45"]
[EventDate "1997.??.??"]
[EventType "swiss"]
[EventRounds "9"]
[EventCountry "ITA"]
[SourceTitle "EXT 2005"]
[Source "ChessBase"]
[SourceDate "2004.11.15"]
[SourceVersion "1"]
[SourceVersionDate "2004.11.15"]
[SourceQuality "1"]

1. e4 e5 2. Nf3 Nf6 3. Nxe5 d6 4. Nf3 Nxe4 5. d4 d5 6. Bd3 Be7 7. 0-0 Nc6 8. c4 Nb4 9. cxd5 Nxd3 10. Qxd3 Qxd5 11. Nc3 Nxc3 12. bxc3 0-0 13. c4 Bf5 14. Qe2 Qd8 15. Bf4 Bf6 16. Rad1 Bg4 17. Qd3 c6 18. Rb1 Bxf3 19. Qxf3 Qxd4 20. Rxb7 Qxc4 21. Rc1 Qd5 22. Rxc6 Qxf3 23. gxf3 1/2-1/2